[Event "Liga Madrileña - DH 2013-2014"]
[Site "Madrid ESP"]
[Date "2013.12.01"]
[Round "3.25"]
[White "Alcazar Jimenez, Jesus Alberto"]
[Black "Kosmo, Santul"]
[Result "1-0"]
[WhiteElo "2211"]
[BlackElo "2237"]
[PlyCount "207"]
[EventDate "2013.11.18"]
[EventType "team-tourn"]
[EventRounds "14"]
[EventCountry "ESP"]
[Source "lmi"]
[SourceDate "2013.11.18"]
[WhiteTeam "Blanco y Negro"]
[BlackTeam "Virgen de Atocha"]
[WhiteTeamCountry "ESP"]
[BlackTeamCountry "ESP"]

1. d4 Nf6 2. Bg5 d5 3. Bxf6 exf6 4. e3 Be6 5. Ne2 Bd6 6. g3 Nd7 7. Bg2 c6 8.
Nd2 f5 9. O-O h5 10. h4 Nf6 11. c4 Qe7 12. Nc3 dxc4 13. Qe2 O-O 14. Nxc4 Bc7
15. Rfe1 g6 16. a3 Rad8 17. Rad1 Nd5 18. Nxd5 cxd5 19. Ne5 Kg7 20. Qb5 f6 21.
Nd3 Bb8 22. Nb4 Qd7 23. Qxd7+ Rxd7 24. Nd3 Bf7 25. Rc1 g5 26. Bh3 Bg6 27. Nc5
Re7 28. f4 Kh6 29. Bg2 Bf7 30. Kf2 Rg8 31. Bf3 Rge8 32. Nd3 g4 33. Bg2 Rd8 34.
Re2 Be6 35. Rec2 Kg6 36. Nb4 Kg7 37. Nd3 Kg6 38. Nc5 Bf7 39. Nd3 Be6 40. a4 Kg7
41. b4 Kg6 42. b5 Bd6 43. Rb1 Kg7 44. a5 Kg6 45. a6 bxa6 46. bxa6 Rc7 47. Rxc7
Bxc7 48. Rb7 Bb6 49. Nb4 Bc8 50. Re7 Rd7 51. Rxd7 Bxd7 52. Bxd5 Bb5 53. Bb7 Ba5
54. Nc2 Bd3 55. Ne1 Bb5 56. Bc8 Bc4 57. Bb7 Bb5 58. d5 Bc4 59. Nc2 Bc3 60. d6
Kf7 61. Bc8 Bd3 62. d7 Ke7 63. Nd4 Bxd4 64. exd4 Bb5 65. Ke3 Bxd7 66. Bxd7 Kxd7
67. Kd3 Kd6 68. Kc4 Kc6 69. d5+ Kb6 70. Kb4 Kxa6 71. Kc5 Kb7 72. Kd6 a5 73. Ke6
a4 74. d6 a3 75. d7 a2 76. d8=Q a1=Q 77. Kxf5 Qc3 78. Qe7+ Kb8 79. Qe8+ Ka7 80.
Qxh5 Qd3+ 81. Kxf6 Qxg3 82. Kg5 Qb3 83. Kxg4 Qd1+ 84. Kg5 Qd8+ 85. Kf5 Qd5+ 86.
Kg6 Qg8+ 87. Kf6 Qd8+ 88. Kf7 Qd7+ 89. Kg8 Qc8+ 90. Kg7 Qc3+ 91. Qe5 Qg3+ 92.
Kf7 Qb3+ 93. Qe6 Qf3 94. Qe7+ Kb8 95. Qe5+ Kc8 96. h5 Qb7+ 97. Qe7 Qf3 98. Qe6+
Kb7 99. Qe5 Qb3+ 100. Kg7 Qg3+ 101. Kh7 Qd3+ 102. f5 Qc2 103. h6 Qg2 104. Qg7+
1-0

[Event "Liga Madrileña - DH 2013-2014"]
[Site "Madrid ESP"]
[Date "2013.12.01"]
[Round "3.26"]
[White "Rivas Vila, David"]
[Black "Vazquez Torres, Adrian"]
[Result "0-1"]
[WhiteElo "2211"]
[BlackElo "2179"]
[PlyCount "94"]
[EventDate "2013.11.18"]
[EventType "team-tourn"]
[EventRounds "14"]
[EventCountry "ESP"]
[Source "lmi"]
[SourceDate "2013.11.18"]
[WhiteTeam "Virgen de Atocha"]
[BlackTeam "Blanco y Negro"]
[WhiteTeamCountry "ESP"]
[BlackTeamCountry "ESP"]

1. e4 c5 2. Nc3 Nc6 3. f4 e6 4. Nf3 Nd4 5. d3 Ne7 6. g3 g6 7. Bg2 Bg7 8. O-O d6
9. Be3 Rb8 10. Qd2 b5 11. Rae1 O-O 12. Nd1 b4 13. c3 bxc3 14. bxc3 Nxf3+ 15.
Bxf3 Qa5 16. Rf2 Bb7 17. Qc2 Bc6 18. Bd2 Ba4 19. Qc1 Bxd1 20. Rxd1 Qxa2 21.
Rdf1 Qb2 22. Qe1 Qb5 23. Be2 Qd7 24. g4 f5 25. Rg2 Rb2 26. gxf5 exf5 27. Bc1
Rb3 28. Qd1 Rfb8 29. d4 Rxc3 30. dxc5 d5 31. e5 Rxc5 32. Ba3 Ra5 33. Rg3 Nc6
34. Bf3 Kh8 35. Bd6 Rbb5 36. Bg2 Nd8 37. Rc3 Ne6 38. Qc1 h5 39. Rd1 Bh6 40.
Rc8+ Kh7 41. Bf1 Rb6 42. Rc7 Nxc7 43. Qxc7 Qxc7 44. Bxc7 Bxf4 45. Re1 Bg5 46.
e6 Be7 47. Rc1 Rc5 0-1

[Event "Liga Madrileña - DH 2013-2014"]
[Site "Madrid ESP"]
[Date "2013.12.01"]
[Round "3.31"]
[White "Vallejo Diaz, Javier"]
[Black "Vazquez Igarza, Renier"]
[Result "0-1"]
[WhiteElo "2400"]
[BlackElo "2588"]
[PlyCount "82"]
[EventDate "2013.11.18"]
[EventType "team-tourn"]
[EventRounds "14"]
[EventCountry "ESP"]
[Source "lmi"]
[SourceDate "2013.11.18"]
[WhiteTeam "Liberty Chess"]
[BlackTeam "Collado Villalba"]
[WhiteTeamCountry "ESP"]
[BlackTeamCountry "ESP"]

1. e4 c5 2. Nf3 g6 3. g3 Bg7 4. Bg2 Nc6 5. O-O Nf6 6. Nc3 O-O 7. d4 cxd4 8.
Nxd4 Nxd4 9. Qxd4 d6 10. Qd3 Be6 11. Nd5 Nxd5 12. exd5 Bf5 13. Qe2 b5 14. c3
Qd7 15. Bg5 h6 16. Be3 Rfc8 17. Rfc1 Rc4 18. Qd2 h5 19. Bf1 Be4 20. Be2 Qf5 21.
Rd1 Bf3 22. Bxf3 Qxf3 23. Qd3 Re4 24. Qf1 b4 25. Rd3 Qf5 26. Rb1 a5 27. cxb4
axb4 28. a3 h4 29. Qd1 h3 30. axb4 Rxb4 31. b3 Ra2 32. Rc1 Bb2 33. Rb1 Bf6 34.
Rc1 Kg7 35. Rc2 Ra1 36. Rc1 Ra2 37. Rc2 Ra3 38. Rc1 Kh7 39. f3 Ra2 40. Bf2 Rb2
41. g4 Rxg4+ 0-1

[Event "Liga Madrileña - DH 2013-2014"]
[Site "Madrid ESP"]
[Date "2013.12.01"]
[Round "3.32"]
[White "Arribas Lopez, Angel"]
[Black "Valles Moreno, Ivan"]
[Result "1/2-1/2"]
[WhiteElo "2488"]
[BlackElo "2373"]
[PlyCount "127"]
[EventDate "2013.11.18"]
[EventType "team-tourn"]
[EventRounds "14"]
[EventCountry "ESP"]
[Source "lmi"]
[SourceDate "2013.11.18"]
[WhiteTeam "Collado Villalba"]
[BlackTeam "Liberty Chess"]
[WhiteTeamCountry "ESP"]
[BlackTeamCountry "ESP"]

1. Nf3 d6 2. e4 Nf6 3. Nc3 g6 4. d4 Bg7 5. Be2 O-O 6. O-O Bg4 7. Be3 Nc6 8. d5
Nb8 9. a4 Bxf3 10. Bxf3 a5 11. Ra3 c6 12. Be2 Qc7 13. Kh1 Na6 14. f4 Nb4 15.
Qd2 Rac8 16. f5 Nd7 17. Rf4 Bf6 18. Rf3 cxd5 19. exd5 Ne5 20. Rf4 Bg5 21. Re4
Bxe3 22. Rxe3 f6 23. fxg6 hxg6 24. Rh3 Rf7 25. Ra1 Rh7 26. Rg3 Rh4 27. Bd3 Kf7
28. Re1 Rch8 29. h3 f5 30. Bf1 Qb6 31. Rge3 Qd4 32. Qf2 Nxd5 33. Nxd5 Qxd5 34.
Kg1 e6 35. Rc3 g5 36. Rc7+ Kg6 37. Qe3 Re4 38. Qf2 Rxe1 39. Qxe1 g4 40. c4 Qd4+
41. Qf2 Qe4 42. Qe2 Qd4+ 43. Qf2 Qe4 44. Qe2 gxh3 45. gxh3 Kf6 46. Qxe4 fxe4
47. Kf2 Kf5 48. Rxb7 Kf4 49. Rb6 Rd8 50. b4 axb4 51. a5 Ra8 52. a6 b3 53. c5
dxc5 54. Rxb3 c4 55. Ra3 Nd3+ 56. Bxd3 cxd3 57. Ra4 d2 58. Ke2 Rd8 59. Ra1 e3
60. a7 Ra8 61. Ra4+ Kg3 62. h4 Rd8 63. Ra1 Kxh4 64. Kxe3 1/2-1/2

[Event "Liga Madrileña - DH 2013-2014"]
[Site "Madrid ESP"]
[Date "2013.12.01"]
[Round "3.33"]
[White "Sanchez Gonzalez, Sergio"]
[Black "Moreno Ruiz, Javier"]
[Result "0-1"]
[WhiteElo "2319"]
[BlackElo "2470"]
[PlyCount "204"]
[EventDate "2013.11.18"]
[EventType "team-tourn"]
[EventRounds "14"]
[EventCountry "ESP"]
[Source "lmi"]
[SourceDate "2013.11.18"]
[WhiteTeam "Liberty Chess"]
[BlackTeam "Collado Villalba"]
[WhiteTeamCountry "ESP"]
[BlackTeamCountry "ESP"]

1. c4 c5 2. Nf3 g6 3. d4 cxd4 4. Nxd4 Nc6 5. e4 Bg7 6. Be3 Nf6 7. Nc3 O-O 8.
Be2 d6 9. O-O Bd7 10. Rc1 Nxd4 11. Bxd4 Bc6 12. f3 a5 13. Nd5 Nd7 14. b3 Bxd4+
15. Qxd4 e5 16. Qd2 Nc5 17. Rfd1 Ne6 18. Ne3 Qb6 19. Kh1 Rad8 20. Ng4 h5 21.
Nf6+ Kg7 22. Nd5 Qc5 23. Bd3 h4 24. Rf1 Qd4 25. Rcd1 Bxd5 26. cxd5 Nf4 27. Bc4
Qb6 28. Qf2 Qxf2 29. Rxf2 Rc8 30. g3 hxg3 31. hxg3 Nh5 32. Kg2 Nf6 33. Rh1 Rc5
34. a4 Rc7 35. g4 Rh8 36. Rxh8 Kxh8 37. Rc2 Kg7 38. Kf2 Kh6 39. Ke3 Kg5 40. Rh2
Rc8 41. Rh1 Nd7 42. Rh7 Rf8 43. Rh2 Nc5 44. Rc2 Rh8 45. Rb2 Rh1 46. b4 Nxa4 47.
Ra2 Nb6 48. Bd3 a4 49. b5 Rc1 50. Bc2 a3 51. Kd2 Rh1 52. Bd3 Rh2+ 53. Be2 Kf4
54. Ke1 Na4 55. Rxa3 Nc5 56. Rc3 f5 57. gxf5 gxf5 58. exf5 Kxf5 59. Kd2 Rh4 60.
Ke3 Rd4 61. Bc4 Kf6 62. Rc2 Ke7 63. Rc1 Kd8 64. Rc2 Kc7 65. Rc1 Kb6 66. Rc2 Ka5
67. Rc1 Kb4 68. Be2 Rxd5 69. b6 Rd4 70. Rh1 Ka5 71. Rh6 Kxb6 72. f4 Re4+ 73.
Kd2 Rxf4 74. Rxd6+ Kc7 75. Rh6 Rd4+ 76. Ke3 Rd6 77. Rh5 Re6 78. Rh7+ Kb6 79.
Bc4 Re8 80. Rh1 Re7 81. Rb1+ Kc7 82. Rh1 Rg7 83. Rh3 Rg4 84. Rh7+ Kc6 85. Rh6+
Kc7 86. Rh7+ Kb6 87. Bd5 Rd4 88. Bf3 Rd3+ 89. Ke2 Rd7 90. Rh1 e4 91. Bg4 Rd3
92. Bf5 Rb3 93. Rh4 Ka5 94. Bg6 b5 95. Rh5 Rc3 96. Kd2 Kb4 97. Re5 Rd3+ 98. Kc2
Rg3 99. Bf7 Rg2+ 100. Kd1 Nd3 101. Rxe4+ Kc3 102. Re8 Rd2# 0-1

[Event "Liga Madrileña - DH 2013-2014"]
[Site "Madrid ESP"]
[Date "2013.12.01"]
[Round "3.34"]
[White "Pena Gomez, Manuel"]
[Black "Martin Rueda, Daniel"]
[Result "1/2-1/2"]
[WhiteElo "2417"]
[BlackElo "2315"]
[PlyCount "66"]
[EventDate "2013.11.18"]
[EventType "team-tourn"]
[EventRounds "14"]
[EventCountry "ESP"]
[Source "lmi"]
[SourceDate "2013.11.18"]
[WhiteTeam "Collado Villalba"]
[BlackTeam "Liberty Chess"]
[WhiteTeamCountry "ESP"]
[BlackTeamCountry "ESP"]

1. g3 d5 2. Bg2 Nf6 3. c4 c6 4. Nf3 dxc4 5. O-O Nbd7 6. Qc2 Nb6 7. a4 a5 8. b3
cxb3 9. Qxb3 Be6 10. Qb2 g6 11. Ng5 Bc4 12. Na3 Ba6 13. Qb3 Nbd5 14. Nc4 h6 15.
Nxf7 Kxf7 16. e4 Bxc4 17. Qxc4 e6 18. exd5 exd5 19. Qc2 Qd7 20. Rb1 Re8 21. Bb2
Bg7 22. Qc5 Ne4 23. Qxa5 Bxb2 24. Rxb2 Nd6 25. Qb4 Re5 26. Qf4+ Qf5 27. Qb4 Qd7
28. Bh3 Qe7 29. d4 Re4 30. Bg2 Re6 31. Bh3 Re4 32. Bg2 Re6 33. Bh3 Re4 1/2-1/2

[Event "Liga Madrileña - DH 2013-2014"]
[Site "Madrid ESP"]
[Date "2013.12.01"]
[Round "3.35"]
[White "Fernandez Garcia, Miguel Angel"]
[Black "Ortega Ruiz, Jose Miguel"]
[Result "0-1"]
[WhiteElo "2325"]
[BlackElo "2366"]
[PlyCount "140"]
[EventDate "2013.11.18"]
[EventType "team-tourn"]
[EventRounds "14"]
[EventCountry "ESP"]
[Source "lmi"]
[SourceDate "2013.11.18"]
[WhiteTeam "Liberty Chess"]
[BlackTeam "Collado Villalba"]
[WhiteTeamCountry "ESP"]
[BlackTeamCountry "ESP"]

1. d4 Nf6 2. Nf3 g6 3. c4 Bg7 4. Nc3 O-O 5. Bf4 d6 6. h3 Nbd7 7. e3 Re8 8. Be2
c6 9. O-O a5 10. Bh2 Qb6 11. Rc1 Qa7 12. Na4 b6 13. Qc2 Ba6 14. Nc3 Rac8 15.
Qa4 e5 16. dxe5 dxe5 17. Rfd1 Nc5 18. Qc2 Nfd7 19. a3 e4 20. Nd2 f5 21. b4 Ne6
22. Qa2 Ndf8 23. Bd6 Rcd8 24. Nb3 Bxc3 25. Rxc3 a4 26. Na1 c5 27. Rcc1 Qg7 28.
Qc2 Bb7 29. Qxa4 Ra8 30. Qb3 Bc6 31. b5 Bb7 32. Nc2 Ra7 33. a4 Rea8 34. Ra1 Bc8
35. Ne1 Nd7 36. Ra2 Nd8 37. g3 Nb7 38. Qc2 Qf6 39. h4 Nxd6 40. Qd2 Nf7 41. Ng2
Nde5 42. Nf4 Be6 43. Rc1 Rxa4 44. Rxa4 Rxa4 45. Kg2 h6 46. Qb2 Kg7 47. g4 Rb4
48. Qa1 Kh7 49. g5 hxg5 50. hxg5 Qxg5+ 51. Kh1 Bxc4 52. Rg1 Qh4+ 53. Kg2 Bxe2
54. Nxe2 Qg4+ 55. Ng3 Qf3+ 56. Kf1 Nd3 57. Rh1+ Kg8 58. Qa8+ Kg7 59. Nh5+ gxh5
60. Rg1+ Qg4 61. Rxg4+ hxg4 62. Kg2 Rxb5 63. Qd5 Rb2 64. Kg3 Rxf2 65. Qc6 Rf3+
66. Kg2 Ne1+ 67. Kg1 g3 68. Qxb6 g2 69. Qb2+ Kh7 70. Kh2 Rf1 0-1

[Event "Liga Madrileña - DH 2013-2014"]
[Site "Madrid ESP"]
[Date "2013.12.01"]
[Round "3.36"]
[White "Pastor Alonso de Prado, Alberto"]
[Black "Gallardo Garcia, Andres"]
[Result "0-1"]
[WhiteElo "2159"]
[BlackElo "2332"]
[PlyCount "54"]
[EventDate "2013.11.18"]
[EventType "team-tourn"]
[EventRounds "14"]
[EventCountry "ESP"]
[Source "lmi"]
[SourceDate "2013.11.18"]
[WhiteTeam "Collado Villalba"]
[BlackTeam "Liberty Chess"]
[WhiteTeamCountry "ESP"]
[BlackTeamCountry "ESP"]

1. e4 c6 2. d4 d5 3. e5 Bf5 4. a3 e6 5. c4 Ne7 6. Nc3 Nd7 7. c5 f6 8. f4 b6 9.
b4 a5 10. Be3 axb4 11. axb4 Rxa1 12. Qxa1 fxe5 13. fxe5 bxc5 14. bxc5 Bg4 15.
Be2 Nf5 16. Bf2 h5 17. h3 Bxe2 18. Ngxe2 Be7 19. O-O Bg5 20. Qa4 Qc8 21. Ng3
Nxg3 22. Bxg3 Rf8 23. Ne2 Be3+ 24. Bf2 Rxf2 25. Rxf2 Qb7 26. Qc2 Qa6 27. Qc3
Qxe2 0-1

[Event "Liga Madrileña - DH 2013-2014"]
[Site "Madrid ESP"]
[Date "2013.12.01"]
[Round "3.41"]
[White "Candela Perez, Jose"]
[Black "Huerga Leache, Mikel"]
[Result "1/2-1/2"]
[WhiteElo "2447"]
[BlackElo "2441"]
[PlyCount "136"]
[EventDate "2013.11.18"]
[EventType "team-tourn"]
[EventRounds "14"]
[EventCountry "ESP"]
[Source "lmi"]
[SourceDate "2013.11.18"]
[WhiteTeam "La Casa del Ajedrez"]
[BlackTeam "64 Villalba"]
[WhiteTeamCountry "ESP"]
[BlackTeamCountry "ESP"]

1. d4 Nf6 2. c4 c5 3. d5 b5 4. cxb5 a6 5. bxa6 g6 6. Nc3 Bxa6 7. e4 Bxf1 8.
Kxf1 d6 9. g3 Bg7 10. Kg2 O-O 11. Nge2 Nbd7 12. Qc2 Qa5 13. Rb1 Qa6 14. b3 Ne5
15. Rd1 c4 16. b4 Nd3 17. Nf4 Nxc1 18. Rdxc1 Qa3 19. Nb5 Qxa2 20. Qxc4 Ng4 21.
Qxa2 Rxa2 22. Nd3 Rb8 23. h3 Nf6 24. Nc3 Ra3 25. Nf4 Nd7 26. Nce2 Ra2 27. Kf1
Ra7 28. h4 Rab7 29. Nd3 f5 30. exf5 gxf5 31. Nef4 Nf6 32. Ra1 Rb5 33. Ra5 Kf7
34. Rca1 Nxd5 35. Rxb5 Rxb5 36. Ra5 Nc7 37. Ra7 Ne8 38. Ra5 Rxa5 39. bxa5 Bc3
40. a6 Nc7 41. Ne2 Ba5 42. Nd4 Nxa6 43. Nxf5 Bb6 44. Ke2 Nc5 45. Nf4 Ne4 46. f3
Nf6 47. g4 Bc7 48. Nh6+ Ke8 49. g5 Nd7 50. Ne6 Ba5 51. f4 Bc3 52. Kd3 Bb2 53.
Ke4 Nf8 54. Nxf8 Kxf8 55. Kd5 Bc3 56. Ke6 Bd2 57. f5 Be1 58. h5 Bd2 59. Nf7 d5
60. h6 d4 61. g6 Bxh6 62. gxh7 Bg7 63. Ne5 Bxe5 64. Kxe5 Kg7 65. Kxd4 Kxh7 66.
Ke5 Kh6 67. Ke6 Kg5 68. Kxe7 Kxf5 1/2-1/2

[Event "Liga Madrileña - DH 2013-2014"]
[Site "Madrid ESP"]
[Date "2013.12.01"]
[Round "3.42"]
[White "Espinosa Aranda, Angel"]
[Black "Gallego Jimenez, Victoriano"]
[Result "1-0"]
[WhiteElo "2387"]
[BlackElo "2367"]
[PlyCount "79"]
[EventDate "2013.11.18"]
[EventType "team-tourn"]
[EventRounds "14"]
[EventCountry "ESP"]
[Source "lmi"]
[SourceDate "2013.11.18"]
[WhiteTeam "64 Villalba"]
[BlackTeam "La Casa del Ajedrez"]
[WhiteTeamCountry "ESP"]
[BlackTeamCountry "ESP"]

1. e4 e6 2. d4 d5 3. Nd2 c5 4. exd5 Qxd5 5. Ngf3 cxd4 6. Bc4 Qd6 7. O-O Nf6 8.
Nb3 Nc6 9. Nbxd4 Nxd4 10. Nxd4 a6 11. c3 Qc7 12. Bb3 Bd6 13. h3 O-O 14. Bg5 b5
15. Bxf6 gxf6 16. Qg4+ Kh8 17. Qf3 Rg8 18. Qxa8 Bb7 19. Qxg8+ Kxg8 20. Rfe1
Bh2+ 21. Kf1 Qf4 22. Re3 Qh6 23. Rd1 Qg6 24. g3 Be4 25. Rde1 f5 26. Rxe4 fxe4
27. Kg2 e5 28. Nc2 Qf5 29. Re3 Qd7 30. Kxh2 Qd2 31. Kg2 a5 32. a4 bxa4 33. Bxa4
Qd5 34. g4 Qa2 35. Bc6 Qxb2 36. Bxe4 Qb3 37. Rd3 a4 38. Ne3 a3 39. Nf5 h5 40.
Rd8+ 1-0

[Event "Liga Madrileña - DH 2013-2014"]
[Site "Madrid ESP"]
[Date "2013.12.01"]
[Round "3.43"]
[White "Bass, Leonid"]
[Black "Bermejo Martinez, Jorge"]
[Result "1-0"]
[WhiteElo "2417"]
[BlackElo "2309"]
[PlyCount "99"]
[EventDate "2013.11.18"]
[EventType "team-tourn"]
[EventRounds "14"]
[EventCountry "ESP"]
[Source "lmi"]
[SourceDate "2013.11.18"]
[WhiteTeam "La Casa del Ajedrez"]
[BlackTeam "64 Villalba"]
[WhiteTeamCountry "ESP"]
[BlackTeamCountry "ESP"]

1. d4 d6 2. Nf3 g6 3. e4 Bg7 4. h3 a6 5. a4 b6 6. Bd3 Bb7 7. O-O e6 8. Re1 Ne7
9. c3 O-O 10. Bf4 Nd7 11. Qd2 Re8 12. Bh6 Bh8 13. Ng5 Nc6 14. Na3 Bg7 15. Bxg7
Kxg7 16. b4 h6 17. Nf3 a5 18. Nb5 e5 19. bxa5 Nxa5 20. Qb2 Nf6 21. Nd2 Nh5 22.
Bf1 Kh7 23. Qc2 Bc8 24. g3 Be6 25. Bg2 Qe7 26. Qb2 Ng7 27. Qb4 Rac8 28. Red1
Qg5 29. d5 Bd7 30. Nxc7 Rxc7 31. Qxb6 Rc5 32. Qxd6 Qe7 33. Qb6 Nc4 34. Qb4 Nxd2
35. Rxd2 Rec8 36. a5 Qd8 37. Ra3 Rc4 38. Qd6 Qf8 39. Qxf8 Rxf8 40. Rb2 Rc7 41.
a6 Ra8 42. Rb7 Ne8 43. Bf1 Ra7 44. Rb6 Rc5 45. Rb7 Rc7 46. Rxa7 Rxa7 47. c4 Nc7
48. c5 Nb5 49. Rb3 Nd4 50. Rb7 1-0

[Event "Liga Madrileña - DH 2013-2014"]
[Site "Madrid ESP"]
[Date "2013.12.01"]
[Round "3.44"]
[White "Rioboo de la Riva, Alvaro"]
[Black "Suarez Uriel, Adrian"]
[Result "1/2-1/2"]
[WhiteElo "2282"]
[BlackElo "2254"]
[PlyCount "103"]
[EventDate "2013.11.18"]
[EventType "team-tourn"]
[EventRounds "14"]
[EventCountry "ESP"]
[Source "lmi"]
[SourceDate "2013.11.18"]
[WhiteTeam "64 Villalba"]
[BlackTeam "La Casa del Ajedrez"]
[WhiteTeamCountry "ESP"]
[BlackTeamCountry "ESP"]

1. e4 d6 2. d4 g6 3. Nc3 Bg7 4. Nf3 a6 5. Be3 b5 6. a3 Bb7 7. Bd3 Nd7 8. O-O
Ngf6 9. d5 O-O 10. Nd4 Ne5 11. Nce2 c5 12. dxc6 Nxc6 13. Nxc6 Bxc6 14. Ng3 Bd7
15. f3 h5 16. c3 Qc7 17. Qd2 Kh7 18. Bg5 Rfd8 19. Qf4 Qb6+ 20. Kh1 Qc5 21. Qh4
Kg8 22. Rae1 Nh7 23. Be3 Qe5 24. Ne2 Bc6 25. Qf2 Qe6 26. Nf4 Qb3 27. Nd5 Bxd5
28. exd5 Rac8 29. Rd1 Nf8 30. Bb6 Re8 31. f4 Nd7 32. Be3 Rf8 33. Rd2 Bf6 34. f5
Ne5 35. fxg6 fxg6 36. Qg3 Kg7 37. Bc2 Qc4 38. Rf4 Qa2 39. Bd4 Qa1+ 40. Rd1 Qxb2
41. Be4 Qe2 42. Re1 h4 43. Rxh4 Qxe1+ 44. Qxe1 Bxh4 45. Qxh4 Rf1+ 46. Bg1 Rxc3
47. Qxe7+ Nf7 48. Bxg6 Kxg6 49. Qe4+ Kh6 50. Qh4+ Kg6 51. Qe4+ Kh6 52. Qh4+
1/2-1/2

[Event "Liga Madrileña - DH 2013-2014"]
[Site "Madrid ESP"]
[Date "2013.12.01"]
[Round "3.45"]
[White "Unciti Juan, Javier"]
[Black "Dougan Maho, Harold"]
[Result "0-1"]
[WhiteElo "2152"]
[BlackElo "2221"]
[PlyCount "123"]
[EventDate "2013.11.18"]
[EventType "team-tourn"]
[EventRounds "14"]
[EventCountry "ESP"]
[Source "lmi"]
[SourceDate "2013.11.18"]
[WhiteTeam "La Casa del Ajedrez"]
[BlackTeam "64 Villalba"]
[WhiteTeamCountry "ESP"]
[BlackTeamCountry "ESP"]

1. Nf3 d6 2. g3 g6 3. c4 Bg7 4. Nc3 c5 5. d4 cxd4 6. Nxd4 Nf6 7. Bg2 O-O 8. O-O
Nbd7 9. Rb1 a6 10. h3 Qc7 11. b3 Rb8 12. Bb2 Nb6 13. Rc1 Bd7 14. Qd2 Rfc8 15.
Rfd1 Qc5 16. Nd5 Nbxd5 17. cxd5 Qb6 18. Nc2 Ne4 19. Bd4 Nxd2 20. Bxb6 Bb2 21.
Be3 Bxc1 22. Rxc1 Bf5 23. Bxd2 Rxc2 24. Rxc2 Bxc2 25. Kf1 Rc8 26. Ke1 f5 27. g4
Be4 28. f3 Bxd5 29. e4 Be6 30. Kd1 Bd7 31. gxf5 gxf5 32. h4 fxe4 33. fxe4 Bc6
34. Bh3 Rf8 35. Be6+ Kg7 36. Bf5 Rxf5 37. exf5 Be4 38. Bg5 Kf7 39. f6 exf6 40.
Bf4 Ke6 41. Kd2 d5 42. Ke3 Kf5 43. Bc7 Kg4 44. Bd8 Kxh4 45. Bxf6+ Kg4 46. Be5
h5 47. Bf6 h4 48. Be5 Kf5 49. Kd4 Ke6 50. Bh2 b6 51. Bc7 h3 52. Bh2 Kf5 53. Be5
Kg4 54. Ke3 Bb1 55. a3 Bc2 56. b4 Be4 57. Bh2 Kf5 58. Kd4 Ke6 59. Bg3 Kd7 60.
Bh2 Kc6 61. a4 a5 62. bxa5 0-1

[Event "Liga Madrileña - DH 2013-2014"]
[Site "Madrid ESP"]
[Date "2013.12.01"]
[Round "3.46"]
[White "Rodriguez Perez, David Antonio"]
[Black "Collado Barbas, Laura"]
[Result "0-1"]
[WhiteElo "2018"]
[BlackElo "2133"]
[PlyCount "68"]
[EventDate "2013.11.18"]
[EventType "team-tourn"]
[EventRounds "14"]
[EventCountry "ESP"]
[Source "lmi"]
[SourceDate "2013.11.18"]
[WhiteTeam "64 Villalba"]
[BlackTeam "La Casa del Ajedrez"]
[WhiteTeamCountry "ESP"]
[BlackTeamCountry "ESP"]

1. d4 e6 2. c4 f5 3. g3 Nf6 4. Bg2 d5 5. cxd5 exd5 6. Nf3 Bd6 7. Bg5 O-O 8. Nc3
c6 9. O-O Qe8 10. Bxf6 Rxf6 11. e3 Nd7 12. Nd2 Rh6 13. Re1 b6 14. Nxd5 Bb7 15.
Nf4 g5 16. Nd3 g4 17. e4 Qh5 18. Nf1 fxe4 19. Rxe4 Nf6 20. Re6 Rd8 21. Qd2 Bc8
22. Ree1 c5 23. dxc5 Bxc5 24. Qc3 Bd4 25. Qc4+ Kh8 26. Nf4 Qa5 27. Rad1 b5 28.
Qf7 Qb6 29. Rxd4 Qxd4 30. Re7 Ng8 31. Be4 Nxe7 32. Qxe7 Qf6 33. Qc7 Re8 34. Ne3
Qe5 0-1

[Event "Liga Madrileña - DH 2013-2014"]
[Site "Madrid ESP"]
[Date "2013.12.14"]
[Round "4.11"]
[White "Anton Guijarro, David"]
[Black "Vallejo Diaz, Javier"]
[Result "1-0"]
[WhiteElo "2553"]
[BlackElo "2400"]
[PlyCount "81"]
[EventDate "2013.11.18"]
[EventType "team-tourn"]
[EventRounds "14"]
[EventCountry "ESP"]
[Source "lmi"]
[SourceDate "2013.11.18"]
[WhiteTeam "Virgen de Atocha"]
[BlackTeam "Liberty Chess"]
[WhiteTeamCountry "ESP"]
[BlackTeamCountry "ESP"]

1. e4 c5 2. Nf3 e6 3. d4 cxd4 4. Nxd4 a6 5. Nc3 Qc7 6. Be2 Nf6 7. O-O Nc6 8.
Be3 b5 9. Nxc6 dxc6 10. f4 Be7 11. e5 Nd5 12. Nxd5 cxd5 13. c3 O-O 14. Bd4 Bd7
15. Qd2 a5 16. Rac1 Rac8 17. Qe3 Bc5 18. h4 Qb6 19. h5 Rc7 20. h6 g6 21. Kh2
Rfc8 22. Rfd1 Kf8 23. Bxc5+ Qxc5 24. Qg3 Qe7 25. Rd4 Rc5 26. Rcd1 R8c7 27. a3
Rb7 28. b4 Rc8 29. bxa5 Qxa3 30. f5 Rxc3 31. R1d3 Rxd3 32. Rxd3 Qc1 33. Qh4 Qc4
34. Qd8+ Be8 35. Qd6+ Kg8 36. fxe6 Qf4+ 37. Kg1 Qc1+ 38. Bf1 Qxh6 39. a6 Ra7
40. Qb8 Re7 41. a7 1-0

[Event "Liga Madrileña - DH 2013-2014"]
[Site "Madrid ESP"]
[Date "2013.12.14"]
[Round "4.12"]
[White "Valles Moreno, Ivan"]
[Black "Almagro Llanas, Pablo"]
[Result "0-1"]
[WhiteElo "2373"]
[BlackElo "2467"]
[PlyCount "54"]
[EventDate "2013.11.18"]
[EventType "team-tourn"]
[EventRounds "14"]
[EventCountry "ESP"]
[Source "lmi"]
[SourceDate "2013.11.18"]
[WhiteTeam "Liberty Chess"]
[BlackTeam "Virgen de Atocha"]
[WhiteTeamCountry "ESP"]
[BlackTeamCountry "ESP"]

1. e4 c5 2. Nf3 d6 3. Bb5+ Nc6 4. O-O g6 5. d4 cxd4 6. Qxd4 f6 7. Nc3 Nh6 8.
Qc4 Bd7 9. e5 dxe5 10. Bxh6 Bxh6 11. Rad1 Qc8 12. Nd5 Bg7 13. Qc5 Bf8 14. Qc3
Kf7 15. Rfe1 Bg7 16. Bc4 e6 17. Ng5+ fxg5 18. Qf3+ Ke8 19. Nf6+ Bxf6 20. Qxf6
Rf8 21. Qg7 Rf7 22. Qg8+ Ke7 23. Rxd7+ Qxd7 24. Qxa8 Rf8 25. Bxe6 Rxa8 26. Bxd7
Kxd7 27. c3 Ke6 0-1

[Event "Liga Madrileña - DH 2013-2014"]
[Site "Madrid ESP"]
[Date "2013.12.14"]
[Round "4.13"]
[White "Rubio Mejia, Luis Ignacio"]
[Black "Garcia Cuenca, Victor Manuel"]
[Result "1-0"]
[WhiteElo "2452"]
[BlackElo "2349"]
[PlyCount "83"]
[EventDate "2013.11.18"]
[EventType "team-tourn"]
[EventRounds "14"]
[EventCountry "ESP"]
[Source "lmi"]
[SourceDate "2013.11.18"]
[WhiteTeam "Virgen de Atocha"]
[BlackTeam "Liberty Chess"]
[WhiteTeamCountry "ESP"]
[BlackTeamCountry "ESP"]

1. d4 Nf6 2. c4 c5 3. d5 b5 4. Qc2 g6 5. e4 d6 6. cxb5 a6 7. Nc3 Bg7 8. Nf3 O-O
9. Be2 axb5 10. Bxb5 Qa5 11. Nd2 Ng4 12. a4 f5 13. h3 Nf6 14. O-O Na6 15. Nc4
Nb4 16. Qb3 Qc7 17. exf5 gxf5 18. Bg5 Kh8 19. Rad1 h6 20. Bc1 Bb7 21. Ne3 Nh5
22. f4 Rf7 23. Na2 Nxa2 24. Qxa2 Bd4 25. Qc4 Qb6 26. b4 Rg8 27. Rxd4 cxd4 28.
Bb2 Qd8 29. Qxd4+ Kh7 30. Bd3 Ng3 31. Rf3 Bc8 32. Kh2 Rfg7 33. b5 Qe8 34. Qc4
e5 35. dxe6 Bxe6 36. Qc2 Rg6 37. Qc7+ Bd7 38. Nxf5 Ne4 39. Nh4 d5 40. Nxg6 Rxg6
41. Qe5 Qg8 42. Qe7+ 1-0